| 000 | 00481 a2200193 4500 | ||
|---|---|---|---|
| 001 | 133058 | ||
| 020 | _a85-06-00013-0 | ||
| 040 | _cLeonardo Da Vinci | ||
| 041 | _aPortuguês | ||
| 082 |
_aI P732ma _bP732ma |
||
| 100 | _aPINTO, Ziraldo Alves | ||
| 245 | _aO menino maluquinho | ||
| 250 | _a28.ed | ||
| 260 |
_bMelhoramentos _c1980 _aSão Paulo |
||
| 300 | _a107 | ||
| 362 | _a19800000 | ||
| 697 |
_aLiteratura infantil _aLiteratura infanto juvenil _aCriança |
||
| 942 | _cBK | ||
| 999 |
_c133058 _d133058 |
||